Ψυχολογία και επιστημολογία

Αποθηκεύτηκε σε:
Λεπτομέρειες βιβλιογραφικής εγγραφής
Κύριος συγγραφέας: Piaget, Jean, 1896-1980
Μορφή: Βιβλίο
Γλώσσα:Greek
French
Δημοσίευση: Αθήνα : Υποδομή, 1981.
Θέματα:
Ετικέτες: Προσθήκη ετικέτας
Δεν υπάρχουν, Καταχωρήστε ετικέτα πρώτοι!

MARC

LEADER 00000cam a2200000 i 4500
001 1/84532
008 960627s1981 gr | ||| |||| ||gre||
035 |a 1987  |c Αγορά  |l 10034463 
040 |a GR-MyUa  |b gre  |e AACR2 
041 1 |a gre  |h fre 
082 7 |a 155.413   |2 (22) 
100 1 |a Piaget, Jean,   |d 1896-1980. 
245 1 0 |a Ψυχολογία και επιστημολογία /   |c Jean Piaget ; μετάφραση: Γιώργος Λογοθέτης. 
260 |a Αθήνα :   |b Υποδομή,   |c 1981. 
300 |a 152 σ. ;   |c 21 εκ. 
500 |a Τίτλος πρωτοτύπου: Psychologie et epistemologie. 
504 |a Περιλαμβάνει βιβλιογραφικές παραπομπές. 
650 0 |a Cognition in children. 
650 0 |a Knowledge, Theory of. 
650 0 |a Child psychology. 
852 |a INST  |b RHODES  |e 19960627  |h 155.413 PIA  |p 005400004823  |q 005400004823  |t BK  |y 0 
852 |a INST  |b RHODES  |e 19960627  |h 155.413 PIA  |p 005400004826  |q 005400004826  |t BK  |y 0 
852 |a INST  |b SYROS  |e 20210714  |h 155.413 PIA  |p 005500014131  |q 005500014131  |t BK  |y 0